Normal view MARC view
  • CATHODE RAY

Entry Topical Term

Number of records used in: 1

001 - CONTROL NUMBER

  • control field: 79666

003 - CONTROL NUMBER IDENTIFIER

  • control field: NUST

005 - DATE AND TIME OF LATEST TRANSACTION

  • control field: 20210628210513.0

008 - FIXED-LENGTH DATA ELEMENTS

  • fixed length control field: 210628|| aca||aabn | a|a d

040 ## - CATALOGING SOURCE

  • Original cataloging agency: NUST
  • Transcribing agency: NUST

150 ## - HEADING--TOPICAL TERM

  • Topical term or geographic name entry element: CATHODE RAY

670 ## - SOURCE DATA FOUND

  • Source citation: Work cat.: (NUST): Starr, Merle.A Valley, George.E Soller, Theodore 79665, Cathode ray tube displays, 1948
© 2023 Central Library, National University of Sciences and Technology. All Rights Reserved.